[Event "Oberliga Nord O9798"]
[Site "Germany"]
[Date "1997.??.??"]
[Round "?"]
[White "Kiesekamp, Marcos"]
[Black "Urban, Hans Rainer"]
[Result "0-1"]
[WhiteElo "2170"]
[BlackElo "2155"]

1.d4 Nf6 2.c4 g6 3.Nc3 Bg7 4.e4 d6 5.Nf3 O-O 6.Be2 e5 7.O-O Nc6 8.d5 Ne7
9.Ne1 Nd7 10.Be3 f5 11.f3 Nf6 12.a4 Kh8 13.a5 Nh5 14.Nb5 fxe4 15.fxe4 Rxf1+
16.Bxf1 a6 17.Na7 Bd7 18.c5 Qb8 19.Qf3 Nf6 20.Rc1 Rxa7 21.cxd6 cxd6 22.Bxa7 Qxa7+
23.Kh1 b5 24.Nd3 Kg8 25.h3 g5 26.Qf2 Qa8 27.Qe3 g4 28.Nb4 Qf8 29.Qf2 Nxe4
30.Qxf8+ Kxf8 31.Nxa6 Bh6 32.Re1 Ng3+ 33.Kg1 Bd2 34.Ra1 Nxd5 35.Nb8 Be8 36.a6 Nb6
37.a7 Na8 38.hxg4 Ke7 39.Bd3 e4 40.Kf2 exd3 41.Kxg3 Bb4 42.Rh1 d2 43.Kf3 Kf6
44.Ke2 Bf7 45.Na6 Bc4+ 46.Ke3 Bb3 47.Nxb4 d1=Q 48.Rxd1 Bxd1 49.Nd5+ Ke5 50.Nc3 Bxg4
51.Nxb5 Bc8 52.Nd4 Bb7 53.g4 Nb6 54.b3 Nc8 55.Nb5 Bc6 56.g5 Bb7 57.b4 Bc6
58.Kf2 Kf4 59.Nd4 Nxa7 60.Ne6+ Ke5 61.Nf8 Be4 62.Ke3 Bf5 63.Kd2 Nb5 64.Ke3 d5  0-1

[Event "Oberliga Ost B9798"]
[Site "Germany"]
[Date "1997.??.??"]
[Round "?.8"]
[White "Stratmann, Burkhard"]
[Black "Kuenitz, Klaus"]
[Result "0-1"]
[WhiteElo "2245"]
[BlackElo "2120"]

1.d4 Nf6 2.c4 g6 3.Nc3 Bg7 4.e4 d6 5.Nf3 O-O 6.Be2 e5 7.O-O Nc6 8.d5 Ne7
9.Ne1 Ne8 10.Nd3 f5 11.f4 exf4 12.Nxf4 Nf6 13.Bd3 Ng4 14.exf5 gxf5 15.Qc2 Bd4+
16.Kh1 Ng6 17.g3 N6e5 18.Be2 Qe7 19.Bd2 Bd7 20.Nb5 Bb6 21.a4 a5 22.Rae1 h5
23.Ng6 Qh7 24.Nxf8 Rxf8 25.h4 Nf2+ 26.Kh2 Qg6 27.Bf4 Nfg4+ 28.Bxg4 Nxg4+
29.Kg2 Re8 30.Qc3 Nf6 31.Rxe8+ Bxe8 32.Qf3 Ng4 33.Re1 Bd7 34.Qc3 Nf6 35.Re7 Kf8
36.Re2 Ne4 37.Qe1 c6 38.Nc3 cxd5 39.cxd5 Qf7 40.Nxe4 fxe4 41.Bh6+ Kg8 42.Rxe4 Qxd5
43.Kh2 Qf5 44.g4 hxg4 45.Rf4 Qc2+ 46.Kg3 Qd3+ 47.Kh2 Qh3+  0-1

[Event "Oberliga Ost A9798"]
[Site "Germany"]
[Date "1997.??.??"]
[Round "?.5"]
[White "Hesse, Peter"]
[Black "Heyme, Sibylle"]
[Result "1-0"]
[WhiteElo "2305"]
[BlackElo "2090"]

1.d4 Nf6 2.Nf3 g6 3.c4 Bg7 4.Nc3 d6 5.e4 O-O 6.Be2 e5 7.O-O Nc6 8.d5 Ne7
9.Nd2 Ne8 10.b4 a5 11.bxa5 Rxa5 12.a4 f5 13.Ba3 Kh8 14.c5 Ra8 15.f3 g5 16.Nc4 Ng6
17.cxd6 cxd6 18.Re1 Rf6 19.Bf1 f4 20.Rb1 h5 21.Nb6 Rb8 22.Qd2 g4 23.Nxc8 Qxc8
24.Rec1 Bh6 25.Nb5 Qd8 26.Rc3 Nh4 27.Kh1 Rg6 28.Qf2 Bf8 29.Rbc1 g3 30.Qa7 gxh2
31.Qxb8 Qb6 32.Qa7  1-0

[Event "BL2-N9798"]
[Site "Germany"]
[Date "1997.??.??"]
[Round "1.3"]
[White "Pajeken, Wolfgang"]
[Black "Plueg, Andreas"]
[Result "0-1"]
[WhiteElo "2270"]
[BlackElo "2375"]

1.Nf3 Nf6 2.c4 g6 3.Nc3 Bg7 4.e4 O-O 5.d4 d6 6.Be2 Nc6 7.O-O e5 8.d5 Ne7
9.Ne1 Nd7 10.Be3 f5 11.f3 Nf6 12.c5 h5 13.Kh1 f4 14.Bf2 g5 15.Rc1 g4 16.cxd6 cxd6
17.Nb5 g3 18.hxg3 fxg3 19.Bxg3 Bh6 20.Rc3 Ng6 21.Nc7 Rb8 22.Ne6 Bxe6 23.dxe6 h4
24.Bh2 Bf4 25.Bc4 Kh8 26.Nd3 Bxh2 27.Kxh2 b5 28.Bd5 Nh5 29.Qc1 Nhf4 30.Nxf4 Rxf4
31.Rh1 Qg5 32.Kg1 Rbf8 33.Rc8 Rxc8 34.Qxc8+ Rf8 35.Qc3 b4 36.Qd3 Rc8 37.Kh2 Qg3+
38.Kg1 Rc1+ 39.Qf1 Rxf1+ 40.Kxf1 Nf4 41.Rxh4+ Qxh4  0-1

[Event "BL2-O9798"]
[Site "Germany"]
[Date "1997.??.??"]
[Round "3.6"]
[White "Bauer, Armin"]
[Black "Timpel, Klaus"]
[Result "0-1"]
[WhiteElo "2230"]
[BlackElo "2295"]

1.d4 g6 2.c4 Bg7 3.Nc3 d6 4.e4 Nf6 5.Be2 O-O 6.Nf3 e5 7.O-O Nc6 8.d5 Ne7
9.Ne1 Nd7 10.Nd3 f5 11.Bd2 Nf6 12.f3 f4 13.c5 g5 14.cxd6 cxd6 15.Nf2 h5 16.h3 Rf7
17.Qc2 Bf8 18.Nb5 Ne8 19.Rfc1 Bd7 20.a4 Rg7 21.Qd1 Ng6 22.a5 a6 23.Na3 Nf6
24.Nc4 g4 25.fxg4 hxg4 26.hxg4 Bb5 27.Nb6 Bxe2 28.Qxe2 Rb8 29.Ra3 Nh4 30.Rh3 Nh7
31.Rcc3 Rf7 32.Be1 Ng6 33.Rh5 Ng5 34.Nh3 Nh7 35.g5 Be7 36.Qg4 Nhf8 37.g3 fxg3
38.Bxg3 Qe8 39.Rh6 Qb5  0-1

[Event "Goetzis IM4"]
[Site "Goetzis"]
[Date "1997.??.??"]
[Round "4"]
[White "Zumtobel, Thomas"]
[Black "Amann, Guenter"]
[Result "1/2-1/2"]
[WhiteElo "2150"]
[BlackElo "2280"]

1.d4 Nf6 2.c4 g6 3.Nc3 Bg7 4.e4 d6 5.Nf3 O-O 6.Be2 e5 7.O-O Nc6 8.d5 Ne7
9.Nd2 Nd7 10.b4 f5 11.c5 Nf6 12.f3 f4 13.Nc4 g5 14.g4 h5 15.h3 Ng6 16.a4 Rf7
17.cxd6 cxd6 18.a5 Bf8 19.a6 Rh7 20.b5 Be7 21.Kf2 bxa6 22.bxa6 hxg4 23.hxg4 Rh3
24.Qb3 Bxg4 25.Rg1 Bd7 26.Ba3 Rb8 27.Qa2 g4 28.Rab1 Rxb1 29.Qxb1 Rh2+ 30.Ke1 Qc8
31.Qb3 Qxa6 32.Nd2 Qc8 33.Nc4 Qc7 34.fxg4 Rh3 35.Bf1 Rf3 36.Be2 Rh3 37.Bf1  1/2-1/2

[Event "Gouda NLD-Top rap"]
[Site "Gouda"]
[Date "1997.??.??"]
[Round "?"]
[White "Van der Sterren, Paul"]
[Black "Piket, Jeroen"]
[Result "0-1"]
[WhiteElo "2555"]
[BlackElo "2630"]

1.Nf3 Nf6 2.c4 g6 3.Nc3 Bg7 4.e4 d6 5.d4 O-O 6.Be2 e5 7.O-O Nc6 8.d5 Ne7
9.b4 a5 10.Ba3 axb4 11.Bxb4 Nd7 12.a4 Bh6 13.Nb5 f5 14.exf5 Nxf5 15.Nd2 Nf6
16.c5 dxc5 17.Bxc5 Re8 18.Bc4 Kh8 19.Re1 c6 20.Nc3 cxd5 21.Bb5 Bd7 22.Nf3 Rc8
23.Bb4 d4 24.Bxd7 Qxd7 25.Ne4 Nxe4 26.Rxe4 Qd5 27.Qd3 Rc4 28.Rb1 Bg7 29.h4 Rec8
30.Ree1 Rc2 31.h5 Bf6 32.Bd2 Nd6 33.Bg5 Bxg5 34.Nxg5 R8c3 35.Qd1 e4 36.Qg4 Qf5
37.Qxf5 gxf5 38.h6 d3 39.Red1 Kg8 40.g3 Nf7 41.Nxf7 Kxf7 42.Rxb7+ Kg6 43.Kg2 e3
44.Rb6+ Kg5 45.Kf3 e2 46.Rh1 e1=Q  0-1

[Event "Groningen op"]
[Site "Groningen"]
[Date "1997.??.??"]
[Round "3"]
[White "Heinis, Vincent"]
[Black "Marcoli, Paolo"]
[Result "1-0"]
[WhiteElo "2285"]
[BlackElo "2185"]

1.d4 Nf6 2.c4 g6 3.Nc3 Bg7 4.e4 d6 5.Be2 O-O 6.Nf3 e5 7.O-O Nc6 8.d5 Ne7
9.Bd2 Ne8 10.Rc1 f5 11.Ng5 h6 12.Ne6 Bxe6 13.dxe6 c5 14.exf5 gxf5 15.Bh5 d5
16.Nxd5 Nxd5 17.cxd5 Qxd5 18.e7 Rf6 19.Be3 Qd6 20.Bxc5 Qc7 21.Ba3 Rc6 22.Qd5+ Kh8
23.Rxc6 bxc6 24.Qe6  1-0

[Event "Groningen op"]
[Site "Groningen"]
[Date "1997.??.??"]
[Round "6"]
[White "Janssen, Ruud"]
[Black "Hausrath, Daniel"]
[Result "1-0"]
[WhiteElo "2330"]
[BlackElo "2415"]

1.c4 g6 2.Nc3 Bg7 3.d4 Nf6 4.e4 d6 5.Nf3 O-O 6.Be2 e5 7.O-O Nc6 8.d5 Ne7
9.Nd2 c5 10.Rb1 Ne8 11.b4 b6 12.bxc5 bxc5 13.Nb3 f5 14.Bd2 Nf6 15.f3 Kh8
16.Nb5 Neg8 17.Na5 Rf7 18.Nc6 Qf8 19.Ba5 Ne8 20.exf5 Bxf5 21.Bd3 Bh6 22.Nd8 Rf6
23.Qe2 Ng7 24.Nc6 Nh5 25.g3 Bh3 26.Rf2 Ne7 27.Nc7 Rc8 28.Nxa7 Nf5 29.Bxf5 Bxf5
30.Rb5 Rb8 31.Bc3 Bh3 32.Rxb8 Qxb8 33.Ncb5 Kg8 34.a4 Qf8 35.Nc6 Ng7 36.g4 Nf5
37.gxf5 Rxf5 38.Bd2 Bxd2 39.Qxd2 Rxf3 40.Nxd6 Rxf2 41.Qxf2 Qxd6 42.Qh4 Bf5
43.Qe7  1-0

[Event "Groningen op"]
[Site "Groningen"]
[Date "1997.??.??"]
[Round "7"]
[White "Atalik, Suat"]
[Black "Van den Doel, Erik"]
[Result "0-1"]
[WhiteElo "2590"]
[BlackElo "2440"]

1.d4 Nf6 2.c4 g6 3.Nc3 Bg7 4.e4 d6 5.Nf3 O-O 6.Be2 e5 7.O-O Nc6 8.d5 Ne7
9.Ne1 Nd7 10.Be3 f5 11.f3 f4 12.Bf2 g5 13.Rc1 Ng6 14.c5 Nxc5 15.b4 Na6 16.Nb5 b6
17.a3 Rf7 18.g4 fxg3 19.hxg3 h5 20.Ng2 h4 21.g4 Bf6 22.Ne3 Nf4 23.Nf5 Kh7
24.Re1 Nb8 25.Qc2 Nxe2+ 26.Rxe2 Na6 27.Re3 Bd7 28.Qe2 Bxb5 29.Qxb5 Nb8 30.Rec3 a6
31.Qa4 a5 32.Bxb6 cxb6 33.Rc8 Qd7 34.Qxd7 Rxd7 35.R1c7 Ra7 36.Rxa7 Rxa7 37.Rxb8 axb4
38.axb4 Ra1+ 39.Kg2 Ra2+ 40.Kh3 Rf2 41.Rxb6 Rxf3+ 42.Kg2 Rf4 43.Nxd6 Rxg4+
44.Kh2 Rf4 45.Ne8 Bd8 46.Rd6 g4 47.Rxd8 Rf2+ 48.Kg1 g3 49.Rd6 h3 50.Nf6+ Kg6
51.Ng4+ Kg5  0-1

[Event "Groningen op"]
[Site "Groningen"]
[Date "1997.??.??"]
[Round "8"]
[White "Schlecht, Daniel"]
[Black "Rechel, Ralf"]
[Result "1-0"]
[WhiteElo "2270"]
[BlackElo "2210"]

1.d4 Nf6 2.c4 g6 3.Nc3 Bg7 4.e4 d6 5.Nf3 O-O 6.Be2 e5 7.O-O Nc6 8.d5 Ne7
9.b4 Nh5 10.Re1 f5 11.Ng5 Nf4 12.Bxf4 exf4 13.Rc1 a5 14.b5 Bf6 15.Ne6 Bxe6
16.dxe6 Bxc3 17.Rxc3 fxe4 18.Bf1 c6 19.Rxe4 d5 20.cxd5 cxd5 21.Rd4 Qd6 22.Rf3 Qxe6
23.Rdxf4 Rxf4 24.Rxf4 Rc8 25.h4 Qe5 26.g3 b6 27.h5 g5 28.Rd4 Kg7 29.Rd2 Rd8
30.Qg4 Qf5 31.Qd4+ Qf6 32.h6+ Kf7 33.Qg4 Qxh6 34.Bd3 Rd6 35.f4 gxf4 36.Rh2 Qf6
37.Rxh7+ Ke8 38.Qh5+ Kd8 39.Rh8+ Kc7 40.Qe8 Qd4+ 41.Kg2 f3+ 42.Kh3 Qe5 43.Qb8+ Kd7
44.Qd8+ Ke6 45.Rh6+ Kf7 46.Qxd6  1-0

[Event "Groningen op"]
[Site "Groningen"]
[Date "1997.??.??"]
[Round "8"]
[White "Kiriakov, Petr"]
[Black "Kiseleva, Natalia"]
[Result "1-0"]
[WhiteElo "2505"]
[BlackElo "2335"]

1.d4 Nf6 2.c4 g6 3.Nc3 Bg7 4.e4 d6 5.Nf3 O-O 6.Be2 e5 7.O-O Nc6 8.d5 Ne7
9.Ne1 Nd7 10.Be3 f5 11.f3 f4 12.Bf2 g5 13.a4 Ng6 14.a5 h5 15.Nb5 Nf6 16.Nxa7 Bd7
17.c5 g4 18.c6 bxc6 19.Nxc6 Qe8 20.Nd3 Bh6 21.Qe1 Rf7 22.a6 Rg7 23.Bd1 g3
24.hxg3 fxg3 25.Be3 Nf4 26.Nxf4 Bxf4 27.Bxf4 exf4 28.Qd2 Bxc6 29.dxc6 Qe5
30.Ra5 d5 31.Bb3 Kh8 32.Bxd5 Qg5 33.Be6 Qh4 34.Bh3 Nh7 35.Qd5 Ng5 36.Qf5 Rag8
37.a7 Rf7 38.Qxg5 Rxg5 39.a8=Q+ Rg8 40.Qa7  1-0

[Event "Groningen op"]
[Site "Groningen"]
[Date "1997.??.??"]
[Round "11"]
[White "Kiriakov, Petr"]
[Black "Krakops, Maris"]
[Result "1-0"]
[WhiteElo "2505"]
[BlackElo "2530"]

1.d4 Nf6 2.c4 g6 3.Nc3 Bg7 4.e4 d6 5.Nf3 O-O 6.Be2 e5 7.O-O Nc6 8.d5 Ne7
9.Bd2 Nd7 10.Rc1 c5 11.dxc6 bxc6 12.Be3 Nf6 13.h3 Bb7 14.b4 Qb8 15.Qb3 d5
16.Bc5 Re8 17.cxd5 cxd5 18.Bb5 Nxe4 19.Nxe4 dxe4 20.Bxe8 Qxe8 21.Ng5 Bd5
22.Qc2 Bh6 23.Nxe4 Bxe4 24.Qxe4 Bxc1 25.Qxe5 Bh6 26.Re1 Bg7 27.Qxe7 Qc6 28.Rd1 Bf6
29.Qd7 Qe4 30.Qd5 Qe8 31.Qb7 a6 32.a4 h5 33.a5 h4 34.b5 Kg7 35.b6 Qe2 36.Qf3 Qc2
37.Bd6 Rd8 38.b7 Qb2 39.b8=Q Rxb8 40.Bxb8 Qxb8 41.Qd3 Qc8 42.Rb1 Qe6 43.Rc1 Bg5
44.Rd1 Bf6 45.Kf1 Qc6 46.Rb1 Qc8 47.Qd5 Bb2 48.Rd1 Qc2 49.Qd2 Qc4+ 50.Qe2 Qa2
51.Qxa6 Bc3 52.Qb6 Qa4 53.Rd3 Qc4 54.Qe3 Qb5 55.Ke2 Qh5+ 56.f3 Qb5 57.Qb6 Qc4
58.a6 Qa2+ 59.Kd1 Qa4+ 60.Kc1 Qc4 61.Rxc3 Qxc3+ 62.Kb1 Qd3+ 63.Ka2 Qc4+ 64.Ka3 Qc3+
65.Ka4 Qc4+ 66.Ka5 Qd5+ 67.Kb4 Qd2+ 68.Kb5 Qb2+ 69.Kc6 Qxg2 70.Qd4+ Kg8 71.a7 Qxf3+
72.Qd5 Qc3+ 73.Kd7 Qxh3+ 74.Kd8  1-0

[Event "Groningen op"]
[Site "Groningen"]
[Date "1997.??.??"]
[Round "11"]
[White "Kasimdzhanov, Rustam"]
[Black "Schebler, Gerhard"]
[Result "1-0"]
[WhiteElo "2545"]
[BlackElo "2440"]

1.d4 Nf6 2.c4 g6 3.Nc3 Bg7 4.e4 d6 5.Nf3 O-O 6.Be2 e5 7.O-O Nc6 8.d5 Ne7
9.b4 a5 10.Ba3 Nd7 11.bxa5 Rxa5 12.Bb4 Ra8 13.Nd2 Bh6 14.Nb3 b6 15.a4 f5
16.a5 Nc5 17.Ra3 Bd7 18.axb6 Rxa3 19.Nxc5 dxc5 20.Bxa3 cxb6 21.Bb2 Nc8 22.Bd3 Nd6
23.Qe2 f4 24.f3 Bg5 25.Ra1 Bh4 26.Bc2 Qg5 27.Ra7 Rf7 28.Ra6 Qd8 29.Ba4 Bc8
30.Ra8 Rf8 31.Bc6 g5 32.Nb5 Nxb5 33.cxb5 Qd6 34.Bc3 g4 35.fxg4 Qf6 36.Qa2 Qd6
37.h3 Bf6 38.Qa7 h5 39.gxh5 c4 40.Qxb6 Kh8 41.Qf2 Qe7 42.Ra7 Qd8 43.b6 Rg8
44.b7  1-0

[Event "Haarlem op"]
[Site "Haarlem"]
[Date "1997.??.??"]
[Round "1"]
[White "Doggers, Peter"]
[Black "Groszpeter, Attila"]
[Result "0-1"]
[WhiteElo "2175"]
[BlackElo "2540"]

1.Nf3 Nf6 2.c4 g6 3.Nc3 Bg7 4.e4 d6 5.d4 O-O 6.Be2 e5 7.O-O Nc6 8.d5 Ne7
9.b4 a5 10.Ba3 axb4 11.Bxb4 b6 12.a4 Ne8 13.Nd2 Kh8 14.Qb3 c5 15.dxc6 Nxc6
16.Nb5 Be6 17.Bf3 Rg8 18.Rfd1 Bf8 19.Nf1 Nxb4 20.Qxb4 d5 21.Qb2 d4 22.Ne3 Nd6
23.Nxd6 Bxd6 24.Nd5 Bc5 25.Rd3 Qd6 26.Rb3 Ra6 27.Qd2 Rga8 28.Bd1 Bxd5 29.cxd5 Rxa4
30.Rxa4 Rxa4 31.Rf3 Ra7 32.Rh3 Ra1 33.g4 Qd7 34.Kg2 f6 35.Be2 g5 36.Rh5 Qa4
37.h4 Ra2 38.Qd3 Ra3 39.Qd2 d3 40.Bxd3 Qd4  0-1

[Event "Haarlem op"]
[Site "Haarlem"]
[Date "1997.??.??"]
[Round "5"]
[White "Bosboom, Manuel"]
[Black "Ivanov, Mikhail M"]
[Result "1-0"]
[WhiteElo "2415"]
[BlackElo "2500"]

1.d4 Nf6 2.c4 g6 3.Nc3 Bg7 4.e4 d6 5.Nf3 O-O 6.Be2 e5 7.O-O Nc6 8.d5 Ne7
9.Rb1 a5 10.Re1 h6 11.a3 a4 12.Bd3 Bd7 13.Bc2 Qe8 14.c5 Nc8 15.b4 axb3 16.Rxb3 Ra7
17.Be3 dxc5 18.Bxc5 b6 19.Bb4 Nd6 20.Nd2 Qc8 21.Bd3 Rd8 22.Qe2 Nh5 23.g3 Bg4
24.f3 Bd7 25.Nc4 Nxc4 26.Bxc4 c5 27.dxc6 Bxc6 28.Nd5 Bxd5 29.Bxd5 Rc7 30.Rd3 Nf6
31.Bb3 Rxd3 32.Qxd3 Rc1 33.Rxc1 Qxc1+ 34.Kg2 Qb2+ 35.Kh3 Qc1 36.Bxf7+ Kxf7
37.Qb3+ Ke8 38.Qe6+ Kd8 39.Be7+ Kc7 40.Bxf6 Qf1+ 41.Kg4 Bxf6 42.Qf7+ Kc8
43.Qxf6 Qc1 44.Qxg6 Qxa3 45.Qc6+  1-0

[Event "Hafnarfjordur"]
[Site "Hafnarfjordur"]
[Date "1997.??.??"]
[Round "1"]
[White "Astrom, Robert"]
[Black "Ivanov, Mikhail M"]
[Result "1-0"]
[WhiteElo "2455"]
[BlackElo "2445"]

1.d4 Nf6 2.c4 g6 3.Nc3 Bg7 4.e4 d6 5.Nf3 O-O 6.Be2 e5 7.O-O Nc6 8.d5 Ne7
9.b4 Nh5 10.Re1 Kh8 11.c5 f5 12.Nd2 Nf4 13.Nc4 fxe4 14.cxd6 cxd6 15.Nxe4 Nexd5
16.Ncxd6 Nxe2+ 17.Qxe2 Nf4 18.Bxf4 exf4 19.Rad1 Qe7 20.Qf3 Qh4 21.Nxc8 Raxc8
22.Rd7 Rfe8 23.Red1 Be5 24.h3 b6 25.Rxa7 Red8 26.Rdd7 Rxd7 27.Rxd7 Rc1+ 28.Kh2 Rc7
29.Rxc7 Bxc7 30.Qc3+  1-0

[Event "Wichern op"]
[Site "Hamburg"]
[Date "1997.??.??"]
[Round "7"]
[White "Pajeken, Wolfgang"]
[Black "Kreiman, Boris"]
[Result "1/2-1/2"]
[WhiteElo "2270"]
[BlackElo "2465"]

1.Nf3 Nf6 2.c4 g6 3.Nc3 Bg7 4.e4 d6 5.d4 O-O 6.Be2 e5 7.O-O Nc6 8.d5 Ne7
9.Ne1 Nd7 10.Be3 f5 11.f3 f4 12.Bf2 g5 13.Rc1 Ng6 14.c5 Nxc5 15.b4 Na6 16.Nb5 Bd7
17.a4 h5 18.Nd3 b6 19.Be1 Bh6 20.Rc3 Rf7 21.Nf2 Bc8 22.Ra3 Nb8 23.a5 a6 24.axb6 cxb6
25.Qc2 Bb7 26.Qa2 Bf8 27.Bd2 Nd7 28.Ra1 Nf6 29.Nc3 Bc8 30.h3 Rfa7 31.Be1 Nh4
32.Qb3 Qd7 33.Na4 Rb8 34.Nc3 Qg7 35.Qd1 Rba8 36.Na4 Qb7 37.b5 axb5 38.Bxb5 Qg7
39.Qd3 Rb8 40.Nb2 Rxa3 41.Rxa3 g4 42.fxg4 hxg4 43.Nxg4 Nxg4 44.hxg4 Qxg4
45.Qh3 Qxh3 46.gxh3 Be7 47.Nc4 Bb7  1/2-1/2

[Event "Hanham op"]
[Site "Hanham"]
[Date "1997.??.??"]
[Round "2"]
[White "Saunders, Walter N R"]
[Black "White, Mark"]
[Result "1-0"]
[WhiteElo "2140"]
[BlackElo "2220"]

1.Nf3 Nf6 2.c4 g6 3.d4 Bg7 4.Nc3 O-O 5.e4 d6 6.Be2 e5 7.O-O Nc6 8.d5 Ne7
9.b4 Nd7 10.Be3 f5 11.c5 Nf6 12.Rc1 f4 13.cxd6 cxd6 14.Bd2 Bd7 15.Qc2 Rc8
16.Qb1 h6 17.Nb5 Rxc1 18.Rxc1 Ne8 19.Qc2 g5 20.Nc7 g4 21.Ne1 Rf6 22.Nxe8 Qxe8
23.Qc7 f3 24.Bf1 fxg2 25.Bxg2 Bc8 26.Be3 a6 27.Nd3 Bf8 28.Nb2 Qb5 29.Qc4 Qd7
30.a4 b5 31.axb5 Qxb5 32.Qxb5 axb5 33.Rc7 Kf7 34.Nd1 Ke8 35.Nc3 Bd7 36.Rb7 h5
37.Nxb5 Ng6 38.Bg5 Bxb5 39.Bxf6 Be2 40.Bg5 Nf4 41.Bxf4 exf4 42.Bf1 Bd1 43.b5 Be7
44.b6  1-0

[Event "Hanham op"]
[Site "Hanham"]
[Date "1997.??.??"]
[Round "3"]
[White "Beaumont, Chris"]
[Black "Buckley, Simon T"]
[Result "0-1"]
[WhiteElo "2325"]
[BlackElo "2110"]

1.d4 Nf6 2.c4 g6 3.Nc3 Bg7 4.e4 d6 5.Nf3 O-O 6.Be2 e5 7.O-O Nc6 8.d5 Ne7
9.Nd2 Nd7 10.b4 f5 11.c5 Nf6 12.f3 f4 13.Nc4 g5 14.a4 h5 15.Ba3 Rf7 16.b5 Ne8
17.b6 axb6 18.cxb6 cxb6 19.Rb1 Bf8 20.Nxb6 Rb8 21.a5 Ng6 22.Nb5 Nh4 23.Na7 Bd7
24.Nxd7 Qxd7 25.Qb3 Ra8 26.Qb6 Rg7 27.Bb5 Qe7 28.g3 fxg3 29.hxg3 g4 30.Bxe8 Rxe8
31.fxg4 Rxg4 32.Kh2 Ng6 33.Qf2 h4 34.Qf5 hxg3+ 35.Kg1 Rg5 36.Qe6+ Qxe6 37.dxe6 g2
38.Rf5 Rg4 39.Rxb7 Nf4 40.Rb1 Nh3+ 41.Kh2 g1=Q+ 42.Rxg1  0-1

[Event "JSM"]
[Site "Haninge"]
[Date "1997.??.??"]
[Round "9"]
[White "Lundberg, Bjorn"]
[Black "Backstrom, Mikael"]
[Result "1/2-1/2"]
[WhiteElo "2135"]
[BlackElo "2195"]

1.d4 Nf6 2.c4 g6 3.Nc3 Bg7 4.e4 d6 5.Be2 O-O 6.Nf3 e5 7.O-O Nc6 8.d5 Ne7
9.Ne1 Nd7 10.Be3 f5 11.f3 f4 12.Bf2 g5 13.Nb5 Nf6 14.Nxa7 Bd7 15.Nb5 g4 16.c5 g3
17.hxg3 fxg3 18.Bxg3 Ng6 19.c6 Nh5 20.Bh2 bxc6 21.dxc6 Bc8 22.g3 Bh3 23.Rf2 Qg5
24.f4 exf4 25.Nf3 Qh6 26.g4 Bxg4 27.Nxc7 Ra5 28.Nd5 Ng3 29.c7 Nxe4 30.Rg2 Bh3
31.Rc1 Kh8 32.Nb6 Rc5 33.Rxc5 dxc5 34.Qd5 Nh4 35.Qxe4 Nxg2 36.c8=Q Bxc8 37.Nxc8 Ne3
38.Ne7 Qh3 39.Ng5 Qh4 40.Qxh7+ Qxh7 41.Nxh7 Kxh7 42.Bd3+ Kh6 43.Ng6 Kg5 44.Nxf8 Bxf8
45.b3  1/2-1/2

[Event "Hawaii op"]
[Site "Hawaii"]
[Date "1997.??.??"]
[Round "4"]
[White "Atalik, Suat"]
[Black "Gufeld, Eduard"]
[Result "1/2-1/2"]
[WhiteElo "2555"]
[BlackElo "2450"]

1.d4 Nf6 2.c4 g6 3.Nc3 Bg7 4.e4 O-O 5.Nf3 d6 6.Be2 e5 7.O-O Nc6 8.d5 Ne7
9.Ne1 Nd7 10.Be3 f5 11.f3 f4 12.Bf2 g5 13.Rc1 Ng6 14.c5 Nxc5 15.b4 Na6 16.Nb5 Bd7
17.Nxa7 Qb8 18.Nb5 Rf7 19.a4 h5 20.Nd3 Bh6 21.Rc4 Rg7 22.Kh1 Qd8 23.g3 fxg3
24.Bxg3 Nf4 25.Bxf4 gxf4 26.Rg1 Rxg1+ 27.Qxg1+ Kh7 28.Bf1 Qe7 29.Nxc7 Rc8
30.Qb6 Bxa4 31.Nb2 Bb3 32.Nxa6 Bxc4 33.Nxc4 bxa6 34.Qxa6 Rg8 35.Qb6 Qg7 36.Qf2 Qb7  1/2-1/2

[Event "Heart of Finland op"]
[Site "?"]
[Date "1997.??.??"]
[Round "8"]
[White "Rausis, Igors"]
[Black "Seeman, Tarvo"]
[Result "1/2-1/2"]
[WhiteElo "2470"]
[BlackElo "2355"]

1.d4 Nf6 2.Nf3 g6 3.c4 Bg7 4.Nc3 O-O 5.e4 d6 6.Be2 e5 7.O-O Nc6 8.dxe5 dxe5
9.Bg5 Qxd1 10.Rfxd1 Bg4 11.Rd3 h6 12.Be3 Rfd8 13.Rad1 Rxd3 14.Rxd3 a5 15.h3 Be6
16.Rd1 Rc8 17.Kf1 Bf8 18.Nh2 Kg7 19.Ng4 Nxg4 20.hxg4 Be7 21.g3 Nb4 22.Nd5 Bxd5
23.cxd5 Nc2 24.Bd2 a4 25.Bc3 Bf6 26.Bb5 a3 27.Ba4 Nd4 28.f4 b5 29.fxe5 Bxe5
30.Bxd4 Bxd4 31.Rxd4 bxa4 32.bxa3 Kf6 33.Rxa4 Ke5 34.Ke2 h5 35.gxh5 gxh5
36.Kf3 Rh8 37.Rc4 h4 38.gxh4 Rxh4 39.a4 f5 40.a5 Rxe4  1/2-1/2

[Event "Heart of Finland op"]
[Site "?"]
[Date "1997.??.??"]
[Round "9"]
[White "Grabliauskas, Virginijus"]
[Black "Linnanen, Lassi"]
[Result "1-0"]
[WhiteElo "2435"]
[BlackElo "2180"]

1.d4 Nf6 2.c4 g6 3.Nc3 Bg7 4.e4 O-O 5.Nf3 d6 6.Be2 e5 7.O-O Nc6 8.d5 Ne7
9.Ne1 Nd7 10.Be3 f5 11.f3 Nf6 12.c5 Kh8 13.a4 f4 14.Bf2 g5 15.a5 h5 16.cxd6 cxd6
17.Nb5 Ng6 18.Nxa7 g4 19.Bb6 Qe7 20.Nxc8 Raxc8 21.fxg4 hxg4 22.Bxg4 Rc4 23.Ra3 Bh6
24.Rh3 Kg7 25.Bf5 Rxe4 26.Rc3  1-0

[Event "Rheinland op"]
[Site "Heimbach Weis"]
[Date "1997.??.??"]
[Round "3"]
[White "Ley, Reinhard"]
[Black "Nardmann, Heiko"]
[Result "0-1"]
[WhiteElo "1660"]
[BlackElo "1765"]

1.d4 Nf6 2.Nf3 g6 3.c4 Bg7 4.Nc3 O-O 5.e4 d6 6.Be2 e5 7.O-O Nc6 8.d5 Ne7
9.Nd2 Nd7 10.b4 a5 11.Rb1 axb4 12.Rxb4 f5 13.Ra4 Rb8 14.Rb4 Nc5 15.f3 Bh6
16.Nb3 Bxc1 17.Qxc1 Nxb3 18.axb3 f4 19.Na4 g5 20.c5 Ng6 21.Rc4 Rf7 22.cxd6 cxd6
23.Nc3 Bd7 24.Qa3 b5 25.Rb4 Ra8 26.Qb2 Qa5 27.Rxb5 Bxb5 28.Nxb5 Rb7 29.Nxd6 Qb6+  0-1

[Event "Helsinki We Ilves"]
[Site "Helsinki"]
[Date "1997.??.??"]
[Round "2"]
[White "Molander, Riku"]
[Black "Luukkonen, Tommi"]
[Result "1-0"]
[WhiteElo "2200"]
[BlackElo "2200"]

1.Nf3 Nf6 2.c4 g6 3.Nc3 Bg7 4.d4 O-O 5.e4 d6 6.Be2 e5 7.O-O Nc6 8.d5 Ne7
9.Nd2 a5 10.a3 Nd7 11.Rb1 f5 12.b4 axb4 13.axb4 Kh8 14.Qc2 Ng8 15.exf5 gxf5
16.f4 Ne7 17.Nf3 exf4 18.Bxf4 Ng6 19.Bg5 Nf6 20.Bd3 c6 21.Kh1 Qe8 22.Rbe1 Ne7
23.c5 Qf7 24.cxd6 Nexd5 25.Ne5 Qe6 26.Bxf6 Bxf6 27.Nxd5 Qxd5 28.Bc4 Qxd6
29.Nf7+ Rxf7 30.Bxf7 Kg7 31.Qb3 Bd7 32.Rd1 Qe7 33.Rfe1 Be5 34.Qg3+ Kf6 35.Qh4+ Kxf7
36.Qxh7+ Kf8 37.Rxd7 Qxh7 38.Rxh7 b5 39.Rh5 Bc3 40.Rxf5+ Kg7 41.Ref1 Bxb4
42.Rf7+ Kg8 43.Rc7 c5 44.Rb7 Ra5 45.h4 Bc3 46.h5 b4 47.h6 Ra8 48.g4 Bd2 49.g5 Kh8
50.Rff7 Bc3 51.g6 c4 52.Rf8+  1-0

[Event "Herlev op"]
[Site "Herlev"]
[Date "1997.??.??"]
[Round "2"]
[White "Henrichsen, Jens"]
[Black "Olsen, Heini"]
[Result "1/2-1/2"]
[WhiteElo "2070"]
[BlackElo "2300"]

1.d4 Nf6 2.c4 g6 3.Nc3 Bg7 4.e4 d6 5.Be2 O-O 6.Nf3 e5 7.O-O Nc6 8.d5 Ne7
9.b4 a5 10.bxa5 c5 11.Nd2 Rxa5 12.Nb3 Ra6 13.a4 Ne8 14.a5 f5 15.f3 Nf6 16.Qc2 Bd7
17.Bd2 f4 18.g4 h5 19.g5 Nh7 20.h4 Nxg5 21.hxg5 Nf5 22.exf5 Qxg5+ 23.Kh1 Qh4+
24.Kg1  1/2-1/2

[Event "HUN-chT 9798"]
[Site "Hungary"]
[Date "1997.??.??"]
[Round "?"]
[White "Kocsis, Laszlo"]
[Black "Tenyi, Jozsef"]
[Result "1-0"]
[WhiteElo "2130"]
[BlackElo "2185"]

1.c4 Nf6 2.Nf3 g6 3.Nc3 Bg7 4.e4 d6 5.d4 O-O 6.Be2 e5 7.O-O Nc6 8.d5 Ne7
9.Ne1 Nd7 10.Nd3 f5 11.Bd2 Kh8 12.b4 Ng8 13.Rc1 Ndf6 14.f3 Bh6 15.c5 Bd7
16.Nf2 Bxd2 17.Qxd2 f4 18.Qb2 h5 19.b5 b6 20.cxd6 cxd6 21.Nb1 g5 22.Qa3 Ne8
23.Nd2 Rf7 24.h3 Rg7 25.Rc3 Rc8 26.Rfc1 Rxc3 27.Qxc3 Nh6 28.a4 Nf6 29.Qa3 Qb8
30.Nc4 Ne8 31.Rc3 Rg6 32.Qb4 Qd8 33.a5 g4 34.fxg4 hxg4 35.hxg4 Qg5 36.Rh3 Kg8
37.Rh5 Qf6 38.g5 Rxg5 39.Rxg5+ Qxg5 40.axb6 axb6 41.Nxb6 Bg4 42.Qd2 Nf6 43.Nc4 Qh5
44.Bf1 Bd7 45.b6 Nhg4 46.Nxg4 Nxg4 47.g3 f3 48.b7 Qe8 49.Qg5+ Kh7 50.Nxd6 Qf8
51.Qh5+ Kg7 52.Qf7+  1-0

[Event "ISR-chT"]
[Site "Israel"]
[Date "1997.??.??"]
[Round "2"]
[White "Tsesarsky, Ilya"]
[Black "Chuvnik, Mordechai"]
[Result "1-0"]
[WhiteElo "2390"]
[BlackElo "2220"]

1.Nf3 Nf6 2.c4 g6 3.Nc3 Bg7 4.e4 O-O 5.d4 d6 6.Be2 e5 7.O-O Nc6 8.d5 Ne7
9.b4 Nh5 10.Re1 Nf4 11.Bf1 h6 12.c5 Bg4 13.h3 Bc8 14.Nd2 g5 15.Nc4 f5 16.g3 fxe4
17.gxf4 exf4 18.Bb2 e3 19.fxe3 f3 20.Ne4 Bxb2 21.Nxb2 Ng6 22.Qd2 Qe7 23.Qd4 Ne5
24.Kf2 g4 25.Nc4 gxh3 26.Nxe5 dxe5 27.Qc4 Kh8 28.Bd3 Rg8 29.Rg1 Qh4+ 30.Ng3 Rg4
31.Qc3 Qg5  1-0

[Event "World Cities"]
[Site "Jakarta "]
[Date "1997.??.??"]
[Round "2"]
[White "Gausel, Einar"]
[Black "Suradiradja, Herman"]
[Result "0-1"]
[WhiteElo "2540"]
[BlackElo "2250"]

1.Nf3 Nf6 2.c4 g6 3.Nc3 Bg7 4.e4 d6 5.d4 O-O 6.Be2 e5 7.O-O Nc6 8.d5 Ne7
9.b4 Nd7 10.a4 a5 11.Ba3 f5 12.bxa5 Rxa5 13.Bb4 Ra8 14.Ng5 Nc5 15.Bxc5 dxc5
16.Ra2 Kh8 17.Nf3 Ng8 18.a5 Nf6 19.Nd2 Bd7 20.Qb3 Ra7 21.Bd3 Ne8 22.Qa3 b6
23.Qb2 Nd6 24.axb6 Rxa2 25.Qxa2 cxb6 26.Qa7 Bh6 27.Rd1 Bxd2 28.Rxd2 fxe4
29.Nxe4 Nxe4 30.Bxe4 Qg5 31.Rd1 Bg4 32.f3 Rxf3 33.Re1 Rf8 34.Qa2 Kg7 35.Qb2 h5
36.Bd3  0-1

[Event "Jakarta op"]
[Site "Jakarta"]
[Date "1997.??.??"]
[Round "?"]
[White "Barus, Cerdas"]
[Black "Chiong, Luiz"]
[Result "0-1"]
[WhiteElo "2440"]
[BlackElo "2390"]

1.d4 Nf6 2.c4 g6 3.Nc3 Bg7 4.e4 d6 5.Nf3 O-O 6.Be2 e5 7.O-O Nc6 8.d5 Ne7
9.b4 a5 10.bxa5 c5 11.Nd2 Rxa5 12.Nb3 Ra6 13.a4 Ne8 14.Be3 f5 15.f3 f4 16.Bf2 h5
17.Nb5 g5 18.a5 Kh8 19.Nxd6 Rxd6 20.Nxc5 Rg6 21.h3 g4 22.fxg4 hxg4 23.hxg4 Nf6
24.Rb1 Nxg4 25.Bf3 Nxf2 26.Rxf2 Qxa5 27.Nb3 Qd8 28.c5 Rh6 29.Rd2  0-1